000 00518nam a2200145Ia 4500
008 231129s1994||||xx |||||||||||||| ||spa||
020 _a84-7583-610-0
040 _bspa
082 _a658.11 K76c
100 _aKoch Richard
245 0 _aComo despertar y reanimar a su empresa: Cómo hacer de la empresa una organizacion altamente motivada (estilo japonés) centrada en valores creencias liderazgo y misión.
260 _c1994
264 _aEdiciones Folio
942 _2ddc
_cBKS
999 _c7479
_d7479